| 000 | 01265nam a22002777a 4500 | ||
|---|---|---|---|
| 001 | BH33481 | ||
| 003 | ES-SlBCS | ||
| 005 | 20260703074717.0 | ||
| 008 | 260702b 1519 sp||||| |||| 00| 0 lat d | ||
| 040 |
_aES-SlBCS _bspa |
||
| 041 | _alat | ||
| 100 |
_aGarsia de Loaysa _eMagister Generalis _926576 |
||
| 110 |
_aDominicos _96838 |
||
| 240 |
_aProcessionale. _lLatín |
||
| 245 | _aProcessionarium secundum morem almi ordinis predicatorum, nuper impressum, atque per quosdam predicti ordinis fratres solertissime correctum & emendatum, cum quibusdam in eo decenter additis. | ||
| 260 |
_aHispali : _bImpressum per spectabilem virum Jacobum cromberger alemanum _c, anno domini MDXIX, kal. septembris. |
||
| 300 |
_aCXXVII h : _benc. _c20 cm |
||
| 500 | _aPortada ilustrada, con lm. en la cara r. | ||
| 500 | _aA dos tintas, con tetragramas. Indice en el último f. | ||
| 500 | _aTiene colofón, de donde se toma lugar y fecha de publicación. Mención del Provincial de la Provincia de Bética, Fr. Cristóbal de Guzmán. Afectado en alhgunas hojas por ácaros. | ||
| 561 | _aSto. Tomás (Sevilla) | ||
| 650 |
_aLiturgia _vDominicos _yObras anteriores a 1800 _914522 |
||
| 700 |
_aBrocario, Juan _eimp _96882 |
||
| 752 |
_aEspaña _dSevilla |
||
| 942 |
_2lcc _cLA |
||
| 999 |
_c18526 _d21757 |
||